| 000 | 01027nam a22002417a 4500 | ||
|---|---|---|---|
| 003 | DO-SdBNP | ||
| 005 | 20240223163307.0 | ||
| 007 | ta | ||
| 008 | 211028b2021 dr a|||| |||| 00| 0 spa d | ||
| 020 | _a9789945621396 | ||
| 040 |
_aDO-SdBNP _bspa _cBNPHU |
||
| 245 | 1 | 0 |
_aManual de procedimientos de laboratorios clínicos para la realización de pruebas de ITS, VIH y hepatitis / _ccoordinación técnica y editoral ; Rachel Adames, Marisol Jiménez Montás, José Ledesma Báez. |
| 260 |
_aSanto Domingo : _bMinisterio de Salud Pública y Asistencia Social, _c2021. |
||
| 300 |
_a47 p. : _bil. ; _c25 cm. |
||
| 504 | _aBibliografía : p. 45- 47 | ||
| 590 | _aInventariado, 2021 /LP | ||
| 700 | 1 |
_aAdames, Rachel, _ecoord. _980387 |
|
| 700 | 1 |
_aJiménez Montás, Marisol, _ecoord. _980391 |
|
| 700 | 1 |
_aLedesma Báez, José, _ecoord. _980392 |
|
| 710 |
_aRepública Dominicana : _bMinisterio de Salud Publica y Asistencia Social _978774 |
||
| 910 | _aLopérez | ||
| 942 |
_2ddc _cLBS1 |
||
| 999 |
_c50827 _d50827 |
||